000 00812nam a2200229 a 4500
001 BRCA_1148
005 20190320203312.0
008 930408s1991 mx-a---##c---#000-0#spa-#
020 _a9686084398
040 _aDLC
_cDLC
_dDLC
050 4 _aND255
_b.C66 1991
100 1 _aConde, Teresa del
_93779
245 1 0 _aLa pintura del México contemporáneo en sus museos
_cTeresa del Conde, Tessa Corona del Conde, Enrique Franco Calvo.
260 _aMéxico
_bBanco BCH
_c1991
300 _a130 p.
_bil. (algunas a color)
_c33 cm.
440 0 _aLa Pintura en los museos de México
_vt. 3
_93780
650 1 4 _aPintura mexicana
_vCatálogos
_ySiglo XX
_93781
650 1 4 _aMuseos de arte
_vCatálogos
_zMéxico
_93782
700 1 _aCorona del Conde, Teresa
_93783
700 1 _aFranco Calvo, Enrique
_93784
942 _2lcc
_cB
999 _c1025
_d1025